Fraktografia 2006 = Fractography 2006 : Proceedings

Enregistré dans:
Détails bibliographiques
Collectivité auteur: Conference with International Participation Stará Lesná, Slovak Republic
Autres auteurs: Parilák, Ľudovít (Éditeur intellectuel)
Format: Actes de congrès Livre
Langue:multilingue
Publié: Košice : Ústav materiálového výskumu SAV, 2006
Sujets:
Tags: Ajouter un tag
Pas de tags, Soyez le premier à ajouter un tag!

MARC

LEADER 00000nam a22000003a 4500
001 stu128549
005 20150617225909.3
008 061024s2006----xo------------------mul-d
020 |a 80-968543-5-6 
040 |a STU  |b slo 
041 0 |a mul 
044 |a xo 
080 |a 620.184 
111 2 |a Conference with International Participation  |d (October 15-18, 2006 :  |c Stará Lesná, Slovak Republic) 
245 |a Fraktografia 2006 = Fractography 2006 :  |b Proceedings 
260 |a Košice :  |b Ústav materiálového výskumu SAV,  |c 2006 
300 |a 522 s 
650 7 |a fraktografia  |2 stusub 
700 1 |a Parilák, Ľudovít  |4 edt 
996 |b 284M074374  |c M*Z-2933  |l MMKN  |s A  |a 24  |w stu128549_0001